00480 2200181 4500001002100000005001700021008004100038020001800079035002500097041000700122082001200129090001800141100001700159245005600176260003100232300002600263990000900289INLIS0000000000028330:yyyyMMddHHmmss180719||||||||| | ||| |||| || |  a979-3034-47-5 a0010-031300000002833 aid0 a780.149 a780.149 SOp p0 aYayan Sopyan00aPANDUAN TRACKING MENGOMPOSISI MUSIK dengan KOMPUTER aDepokbKawan Pustakac2004 aviii, 80 hlm, 23,5 cm a2616